6 Syllable Definitions Quiz Stats

Quiz Updated Apr 10, 2018

Challenge
Share
Tweet
Embed
Score 0/20 Timer 06:00
23 Plays Today
% Correct
Arachnophobia
97%
Dehumidifier
97%
Veterinarian
96.7%
Japanophilia
96.4%
Unintelligible
96.4%
Criminalization
96.3%
Meteorology
96%
Responsibility
95.5%
Bioluminescence
95.5%
Humanitarian
95.4%
% Correct
Encyclopedia
95.2%
Infinitesimal
93.9%
Neuroanatomy
93.1%
Kinesiology
92.5%
Familiarity
92.4%
Gubernatorial
92%
Onomatopoeia
91.5%
Xenobiology
90.9%
Sympathetically
90%
Prestidigitation
89.1%

You're not logged in!

Compare scores with friends on all Sporcle quizzes.
Sign Up with Email
OR
Log In

You Might Also Like...

Show Comments

Extras

Top Quizzes Today


Score Distribution

Your Account Isn't Verified!

In order to create a playlist on Sporcle, you need to verify the email address you used during registration. Go to your Sporcle Settings to finish the process.

Report this User

Report this user for behavior that violates our Community Guidelines.

Details: